00421nam a2200157Ia 4500008004100000040001900041041001200060082002800072100001700100245003700117260003100154300002500185440001400210650001800224850002100242131103s9999 xx 000 0 und d aLoreto College aEnglish a822.33/DEAbLCBED/13172 aDeary, Terry aShakespeare storiescTerry Deary aNew YorkbScholasticc1999 a192p.b ill.c 20cm. aTop . ten aEnglish drama aLCBED/822.33/DEA